Beginning Arduino Programming / Writing Code for the Most Popular Microcontroller Board in the World (Record no. 6234)
[ view plain ]
| 000 -LEADER | |
|---|---|
| fixed length control field | 00633nam a22002057a 4500 |
| 003 - CONTROL NUMBER IDENTIFIER | |
| control field | BUBTL |
| 008 - FIXED-LENGTH DATA ELEMENTS--GENERAL INFORMATION | |
| fixed length control field | 200114b xxu||||| |||| 00| 0 eng d |
| 020 ## - INTERNATIONAL STANDARD BOOK NUMBER | |
| International Standard Book Number | 978-1-4302-3777-8 |
| 082 ## - DEWEY DECIMAL CLASSIFICATION NUMBER | |
| Classification number | 005.133/EV157b |
| 100 ## - MAIN ENTRY--PERSONAL NAME | |
| Personal name | Evans, Brian |
| 9 (RLIN) | 2916 |
| 245 ## - TITLE STATEMENT | |
| Title | Beginning Arduino Programming / Writing Code for the Most Popular Microcontroller Board in the World |
| Remainder of title | Brian Evans |
| 250 ## - EDITION STATEMENT | |
| Edition statement | 1st |
| 260 ## - PUBLICATION, DISTRIBUTION, ETC. (IMPRINT) | |
| Place of publication, distribution, etc. | New York |
| Name of publisher, distributor, etc. | Apress |
| Date of publication, distribution, etc. | c2011 |
| 300 ## - PHYSICAL DESCRIPTION | |
| Extent | xx , 252p . : |
| Other physical details | ill . ; (Photocopy) |
| Dimensions | 24cm. |
| 500 ## - GENERAL NOTE | |
| General note | Includes Index |
| 650 ## - SUBJECT ADDED ENTRY--TOPICAL TERM | |
| Topical term or geographic name as entry element | E E E |
| 9 (RLIN) | 2917 |
| 856 ## - ELECTRONIC LOCATION AND ACCESS | |
| Password | 0 |
| Logon | 0 |
| Link text | Download |
| 942 ## - ADDED ENTRY ELEMENTS (KOHA) | |
| Source of classification or shelving scheme | |
| Koha item type | Books |
| Withdrawn status | Lost status | Source of classification or shelving scheme | Damaged status | Not for loan | Collection code | Permanent location | Current location | Shelving location | Date acquired | Inventory number | Total Checkouts | Full call number | Barcode | Date last seen | Copy number | Price effective from | Koha item type | Date last checked out |
|---|---|---|---|---|---|---|---|---|---|---|---|---|---|---|---|---|---|---|
| Non-fiction | Bangladesh University of Business and Technology Library | Bangladesh University of Business and Technology Library | Electronic Engineering Stacks | 01/14/2020 | 26524 | 005.133/EV157b | BUBTL-200326524 | 01/14/2020 | C-1 | 01/14/2020 | Books | |||||||
| Non-fiction | Bangladesh University of Business and Technology Library | Bangladesh University of Business and Technology Library | Electronic Engineering Stacks | 01/14/2020 | 26525 | 2 | 005.133/EV157b | BUBTL-200326525 | 05/20/2024 | C-2 | 01/14/2020 | Books | 05/15/2024 | |||||
| Non-fiction | Bangladesh University of Business and Technology Library | Bangladesh University of Business and Technology Library | Electronic Engineering Stacks | 01/14/2020 | 26526 | 005.133/EV157b | BUBTL-200326526 | 01/14/2020 | C-3 | 01/14/2020 | Books | |||||||
| Non-fiction | Bangladesh University of Business and Technology Library | Bangladesh University of Business and Technology Library | Electronic Engineering Stacks | 01/14/2020 | 26527 | 1 | 005.133/EV157b | BUBTL-200326527 | 08/26/2022 | C-4 | 01/14/2020 | Books | 06/29/2022 | |||||
| Non-fiction | Bangladesh University of Business and Technology Library | Bangladesh University of Business and Technology Library | Electronic Engineering Stacks | 01/14/2020 | 26528 | 005.133/EV157b | BUBTL-200326528 | 01/14/2020 | C-5 | 01/14/2020 | Books |
